000 00416nam a2200157Ia 4500
008 210716s2012 xx 000 0 und d
020 _a9788125942610
041 _aeng
082 _a658.4095 RANS
100 _aRangnekar, Sharu.
245 _aIn the world of corporate managers.
250 _a1
260 _aNew Delhi
_bVikas Publishing House Pvt Ltd
_c2012
300 _axi,230
650 _aCorporate Finance
999 _c208716
_d208716